SITA (formerly Ebenezer Mears (Sand Producers) Ltd) v Surrey County Council (Record no. 66820)
[ view plain ]
| 000 -LEADER | |
|---|---|
| fixed length control field | 00874cam a2200205 4500 |
| 001 - CONTROL NUMBER | |
| control field | ABS63887 |
| 008 - FIXED-LENGTH DATA ELEMENTS--GENERAL INFORMATION | |
| fixed length control field | 000000n2001 000 0 eng u |
| 035 ## - SYSTEM CONTROL NUMBER | |
| System control number | (Sirsi) u112194 |
| 245 ## - TITLE STATEMENT | |
| Title | SITA (formerly Ebenezer Mears (Sand Producers) Ltd) v Surrey County Council |
| 260 ## - PUBLICATION, DISTRIBUTION, ETC. | |
| Date of publication, distribution, etc. | 2001 |
| 490 ## - SERIES STATEMENT | |
| Series statement | Rating and Valuation Reporter |
| Volume/sequential designation | [2001] RVR 56-58(3) |
| 520 ## - SUMMARY, ETC. | |
| Summary, etc. | LT 8 January 2001. Claimant (M) reference to the Lands Tribunal made more than six years after it was statute barred under the Limitation Act s9(1) on the grounds that S had not made any promises or assurance not to take into consideration the provisions of the 1980 Act |
| 590 ## - LOCAL NOTE (RLIN) | |
| Local note | ABS |
| 650 ## - SUBJECT ADDED ENTRY--TOPICAL TERM | |
| Topical term or geographic name entry element | LIMITATION ACT 1980 |
| 650 ## - SUBJECT ADDED ENTRY--TOPICAL TERM | |
| Topical term or geographic name entry element | Compulsory purchase |
| 9 (RLIN) | 6228 |
| 650 ## - SUBJECT ADDED ENTRY--TOPICAL TERM | |
| Topical term or geographic name entry element | COMPENSATION |
| 650 ## - SUBJECT ADDED ENTRY--TOPICAL TERM | |
| Topical term or geographic name entry element | SITA (FORMERLY EBENEZER MEARS (SAND PRODUCERS) LTD) V SURREY CC |
| 690 ## - LOCAL SUBJECT ADDED ENTRY--TOPICAL TERM (OCLC, RLIN) | |
| Topical term or geographic name as entry element | LAW |
| 942 ## - ADDED ENTRY ELEMENTS (KOHA) | |
| Suppress in OPAC | 0 |
| Withdrawn status | Lost status | Source of classification or shelving scheme | Damaged status | Not for loan | Home library | Current library | Shelving location | Date acquired | Total Checkouts | Full call number | Barcode | Date last seen | Copy number | Price effective from | Koha item type |
|---|---|---|---|---|---|---|---|---|---|---|---|---|---|---|---|
| Dewey Decimal Classification | London | London | Journal article | 26/04/2001 | ABS63887 | 112194-1001 | 06/08/2019 | 1 | 06/08/2019 | Law report |